000 00864nam a2200265 a 4500
001 000022072
003 DO-SdBNP
005 20240320074001.0
007 ta
008 100916s1991 dr 001 0 spa d
040 _aDO-SdBNP
_bspa
_cBNPHU
049 _aBNPD
082 4 _bG934M
_222
100 1 _aGuerrero Cano, María Magdalena
_945723
245 1 3 _aEl arzobispo Monzón /
_bMaría Magdalena Guerrero Cano ; editor Rafael Bello Peguero ; presentacion José Arnáiz.
260 _aSanto Domingo :
_bAmigo del Hogar,
_c1991.
300 _a110 p. ;
_c23 cm.
490 1 _aHombre de iglesia
590 _aInventariado, 2023/BT
600 1 4 _aMonzón Martín y Puente, Bienvenido,
_d1820-1889
_918266
700 1 _aBello Peguero, Rafael,
_d1932-2022
_92405
700 1 _aArnáis, José
_945725
830 0 _aHombre de iglesia
_945726
_n7
942 _2ddc
_cLBS1
999 _c21570
_d21570